México: una democracia utópica. El movimiento estudiantil del 68

Guardado en:
Bibliografiske detaljer
Hovedforfatter: Zermeño, Sergio
Format: Texto
Udgivet: México D.F: Siglo Veintiuno
Udgivelse:2
Tags: Tilføj Tag
Ingen Tags, Vær først til at tagge denne postø!

MARC

LEADER 00000 a a2200000 04500
001 24980
003
040 |a CRAI/IIS  |c CRAI/IIS 
020 |a 968-23-0295-1  
090 |a 176700  
100 |a Zermeño, Sergio  
245 |a México: una democracia utópica. El movimiento estudiantil del 68  
250 |a 2  
260 |a México D.F:   |b Siglo Veintiuno  
300 |a 336 p   |b il.   |b fonodiscos   |b map.  
999 |c 7471  |d 7471